Những điều cần biết về thi hành án hình sự Tìm hiểu pháp luật
Tallennettuna:
| Päätekijä: | |
|---|---|
| Aineistotyyppi: | Kirja |
| Kieli: | Undetermined |
| Julkaistu: |
Thành phố Hồ Chí Minh
Nhà xuất bản Thành phố Hồ Chí Minh
2001
|
| Aiheet: | |
| Tagit: |
Lisää tagi
Ei tageja, Lisää ensimmäinen tagi!
|
| Thư viện lưu trữ: | Trung tâm Học liệu Trường Đại học Cần Thơ |
|---|
| LEADER | 00676nam a2200205Ia 4500 | ||
|---|---|---|---|
| 001 | CTU_45505 | ||
| 008 | 210402s9999 xx 000 0 und d | ||
| 020 | |c 34000 | ||
| 082 | |a 345.597077 | ||
| 082 | |b Đ307 | ||
| 100 | |a Nguyễn, Ngọc Điệp | ||
| 245 | 0 | |a Những điều cần biết về thi hành án hình sự | |
| 245 | 0 | |b Tìm hiểu pháp luật | |
| 245 | 0 | |c Nguyễn Ngọc Điệp | |
| 260 | |a Thành phố Hồ Chí Minh | ||
| 260 | |b Nhà xuất bản Thành phố Hồ Chí Minh | ||
| 260 | |c 2001 | ||
| 650 | |a Criminal law | ||
| 650 | |z Vietnam | ||
| 980 | |a Trung tâm Học liệu Trường Đại học Cần Thơ | ||